000 00910nam a22002537a 4500
005 20170123162306.0
010 _aB-070437
020 _c25.00
_a8126014873
035 _aB-070437
037 _bCen Lib/Ret
040 _aDPL
_bUR
082 _a841.08
_bم ح م
100 _aمحمّد حامد علی خان
_9109850
245 _aعبدل غفور نسخ
_cمحمّد حامد علی خان
246 _aAbdul Ghafoor Nassakh /
_bby Mohammad Hamid Ali khan
260 _aنیو دہلی
_bساہتیہ اکادمی
_c2003
270 _bنیو دہلی
_e110001
_a٣٥، رویندرا بھون، فیروز شاہ مارغ
300 _a111p.
_c21cm(Hb)
650 _a ادب - اردو
_9109851
650 _a مونوگراف - اردو
_9109852
650 _aLiterature -- Urdu
_9109853
650 _aMonograph -- Urdu
_9109854
942 _2ddc
_cUR
_h841.08
_mم ح م
999 _c106285
_d106285